CHHOTANAGPUR TENANCY ACT, 1908 (Record no. 8517)

MARC details
000 -LEADER
fixed length control field 00339nam a22001457a 4500
005 - DATE AND TIME OF LATEST TRANSACTION
control field 20240603140157.0
008 - FIXED-LENGTH DATA ELEMENTS--GENERAL INFORMATION
fixed length control field 240603b |||||||| |||| 00| 0 eng d
041 ## - LANGUAGE CODE
Language code of text/sound track or separate title eng
100 ## - MAIN ENTRY--AUTHOR NAME
Personal name KUMAR , MUKESH
245 ## - TITLE STATEMENT
Title CHHOTANAGPUR TENANCY ACT, 1908
260 ## - PUBLICATION, DISTRIBUTION, ETC. (IMPRINT)
Place of publication PATNA
Name of publisher RISHI PRAKASHAN
300 ## - PHYSICAL DESCRIPTION
Number of Pages 124;P
650 ## - SUBJECT ADDED ENTRY--TOPICAL TERM
Topical Term LAW
942 ## - ADDED ENTRY ELEMENTS (KOHA)
Koha item type Books
Holdings
Lost status Damaged status Collection code Home library Current library Shelving location Date acquired Source of acquisition Cost, normal purchase price Accession Number Koha item type
    LAW JRU Library JRU Library SHELF-31-C 03/06/2024 DONATION 80.00 0040/D Books